| 000 | 00403nam a22001217a 4500 | ||
|---|---|---|---|
| 082 | _a200 THE | ||
| 100 |
_aMUHAMMAD MUNEEB UL HASSAN _969872 |
||
| 245 | _aTH-SOF-1637-Effects on Resonant Parameters of Split-Ring Resonator Due to Flowing Polar Liquids | ||
| 260 |
_aISLAMABAD _bNUST COLLEGE OF EME _c2019 |
||
| 650 | _aMS-ELECT-83 MSTHESIS | ||
| 700 |
_aSupervisor Dr. Tahir Zaidi _969770 |
||
| 942 | _cCF | ||
| 999 |
_c576961 _d576961 |
||